Design of a two-storey cafeteria at University of Rizal System Morong campus (Record no. 561)

MARC details
000 -LEADER
fixed length control field 02227nam a22002297a 4500
003 - CONTROL NUMBER IDENTIFIER
control field URS
005 - DATE AND TIME OF LATEST TRANSACTION
control field 20220117113556.0
008 - FIXED-LENGTH DATA ELEMENTS--GENERAL INFORMATION
fixed length control field 170911b xxu||||| |||| 00| 0 eng d
040 ## -
-- URS
041 ## - LANGUAGE CODE
Language code of text/sound track or separate title eng
050 00 - LIBRARY OF CONGRESS CALL NUMBER
Classification number NA 105
Item number .D46 2015
245 ## - TITLE STATEMENT
Title <a href="Design of a two-storey cafeteria at University of Rizal System Morong campus">Design of a two-storey cafeteria at University of Rizal System Morong campus</a>
Statement of responsibility, etc Frances Mae U. Anore... [et.al].
260 ## - PUBLICATION, DISTRIBUTION, ETC. (IMPRINT)
Date of publication, distribution, etc 2015
300 ## - PHYSICAL DESCRIPTION
Extent 181 leaves :
Other physical details illustrations ;
Dimensions 28 cm.
502 ## - DISSERTATION NOTE
Degree type Thesis (Bachelor of Science in Civil Engineering) -- University of Rizal System-Morong.
520 ## - SUMMARY, ETC.
Summary, etc EXECUTIVE SUMMARY: The University of Rizal System is one of the Universities in the Philippines that gain a lot of achievement in terms of academic programs, this was the reason why incoming freshmen students decided to take their Bachelor's Degree in the said University. But due to immediate increase of population of different colleges, the facilities became insufficient to accommodate the large number of students and one of these was the food court. In response to this problem, the researchers proposed a design of a cafeteria for the university. The objective of the study was to design a Two-Storey Cafeteria at University of Rizal System Morong Campus that includes architectural, structural, electrical and plumbing plan. Based from the analysis and computation of the outcome cross section for beams was 350mm x 500mm, for column was 500mm x 500mm, for column footing was 1000mm x 1000mm and other structural details was presented in the study. Based on the results, it can be concluded that the design of the two-storey cafeteria can resists structural and seismic loads, thus it is safe for use and can be accepted in terms of serviceability and functionality. It was recommended to conduct soil boring test on the proposed construction area of project to determine the characteristics and bearing capacity of the soil. Further study may be made to improve the design of the structure and check the design computations using Structural Aide Analysis Design (STAAD).
650 ## - SUBJECT ADDED ENTRY--TOPICAL TERM
Topical term or geographic name as entry element Architecture -- Planning.
700 1# - ADDED ENTRY--PERSONAL NAME
Personal name Jamolod, Jonathan C.
Relator term author
700 1# - ADDED ENTRY--PERSONAL NAME
Personal name Policarpio, Earl John U.
Relator term author
700 1# - ADDED ENTRY--PERSONAL NAME
Personal name Salazar, Joy V.
Relator term author
942 ## - ADDED ENTRY ELEMENTS (KOHA)
Source of classification or shelving scheme Library of Congress Classification
Koha item type Theses and dissertations
Holdings
Withdrawn status Source of classification or shelving scheme Damaged status Not for loan Collection code Home library Current library Date acquired Total Checkouts Full call number Barcode Date last seen Copy number Price effective from Koha item type
  Library of Congress Classification     Reference Morong College Library Morong College Library 09/11/2017   NA 105 .D46 2015 URSMOR-CL-004523 09/11/2017 1 02/27/2019 Theses and dissertations

University of Rizal System
Email us at univlibservices@urs.edu.ph

Visit our Website www.urs.edu.ph/library